=LDR 00000nam 2200000 4500 =001 INLIS000000000011440 =005 20130612103013 =008 ***********************************Ind** =035 ##$$0010-061300000011440 =041 ##$$a Ind =082 ##$$a 959.8 =090 ##$$a 959.8, Tri d =100 ##$$a Tirtosudarmo, Riwanto =245 ##$$a Demografi Politik, Pembangunan Indonesia dari Riau Sampai Timur-Timur, Riwanto Tirtosudarmo =260 ##$$a 1996 $b Jakarta =300 ##$$a ix, 204 hlm., 21 cm =650 ##$$a Indonesia- Politik dan Pemerintahan =850 ##$$a NBPNMAT